000 00371nam a2200145Ia 4500
005 20240823064456.0
008 240823s9999||||xx |||||||||||||| ||und||
082 _A658.15 P3
100 _a"Brealey,Richard A et al."
245 0 _aPrinciples of Corporate Finance
260 _c2007
_bTMH New D
500 _aYES
650 _aFinance
_bManagement Studies
942 _cNB
999 _c240802
_d240802